000 01055nam a22002535i 4500
001 52984
003 ES-MaACL
005 20230906162700.0
007 t|
008 950906s1853 sp ||||1| spa d
080 _a355.61:359(599)
080 _a359(460)
100 1 _aDoral, Antonio.
_945377
245 1 0 _aEsposición [sic] que dirije [sic] al Congreso de los Diputados el ex-ministro de Marina Don Antonio Doral.
246 3 _aExposición que dirige al Congreso de los Diputados el ex-ministro de Marina Don Antonio Doral
260 _aMadrid :
_b[s.n.],
_c1853 (
_fPor Aguado, imp. de Cámara de S.M. y de su Real Casa)
300 _a55 p. ;
_c26 cm.
530 _aDisponible en formato digital.
594 _aEn p. 3: Real Orden de 16 de mayo de este año, relativa al suministro de carbones para Filipinas
650 4 _aMarina de guerra-
_zEspaña-
_yS.XIX.
_914783
650 4 _aCarbón-
_zFilipinas.
_9175894
852 4 _aES-MaACL
_jT-47-F-4
856 4 _uhttp://bdh-rd.bne.es/viewer.vm?id=0000085947&page=1
_zBiblioteca Digital Hispánica
999 _c52984
_d52984